Samajik samasya aru kalyan/ (Record no. 9329)

MARC details
000 -LEADER
fixed length control field 00640cam a2200229ua 4500
005 - DATE AND TIME OF LATEST TRANSACTION
control field 20201118105519.0
008 - FIXED-LENGTH DATA ELEMENTS--GENERAL INFORMATION
fixed length control field 180404n ii |||gr||||Z||||||asm
020 ## - INTERNATIONAL STANDARD BOOK NUMBER
International Standard Book Number 9789381784402
040 ## - CATALOGING SOURCE
Transcribing agency MAIN
Original cataloging agency IN-DiNC
041 ## - LANGUAGE CODE
Language code of sung or spoken text Assamese
082 ## - DEWEY DECIMAL CLASSIFICATION NUMBER
Classification number 361.1
Item number SAI
100 ## - MAIN ENTRY--PERSONAL NAME
Personal name Saikia, Jyotiprasad,
Relator term Author
245 ## - TITLE STATEMENT
Title Samajik samasya aru kalyan/
Statement of responsibility, etc. by Jyotiprasad Saikia
250 ## - EDITION STATEMENT
Edition statement 4th ed.
260 ## - PUBLICATION, DISTRIBUTION, ETC.
Place of publication, distribution, etc. Jorhat:
Name of publisher, distributor, etc. Bidya bhawan,
Date of publication, distribution, etc. 2016.
300 ## - PHYSICAL DESCRIPTION
Extent 549p.
650 ## - SUBJECT ADDED ENTRY--TOPICAL TERM
Topical term or geographic name entry element Sociology
650 ## - SUBJECT ADDED ENTRY--TOPICAL TERM
Topical term or geographic name entry element Social problem and welfare
942 ## - ADDED ENTRY ELEMENTS (KOHA)
Koha item type Books
Source of classification or shelving scheme Dewey Decimal Classification
653 ## - INDEX TERM--UNCONTROLLED
Uncontrolled term Social problems & social welfare in general
653 ## - INDEX TERM--UNCONTROLLED
Uncontrolled term Samajik samasya aru kalyan
Holdings
Withdrawn status Lost status Damaged status Not for loan Home library Current library Shelving location Date acquired Total Checkouts Full call number Barcode Date last seen Date last checked out Copy number Price effective from Koha item type
        Central Library, Naharkatiya College Central Library, Naharkatiya College General Stacks 19/09/2020 7 361.1 | SAI 25391 02/09/2021 01/04/2021 1 19/09/2020 Books
        Central Library, Naharkatiya College Central Library, Naharkatiya College General Stacks 19/09/2020 13 361.1 | SAI 25392 08/10/2021 24/04/2021 2 19/09/2020 Books
        Central Library, Naharkatiya College Central Library, Naharkatiya College General Stacks 19/09/2020 8 361.1 | SAI 25393 11/08/2021 01/04/2021 3 19/09/2020 Books

Naharkatiya College © 2020. All rights reserved.

Powered By